000 00823nam a22002537c 4500
001 a5718584
003 CO-ViMGA
005 20230915234534.0
008 151125s2015 sp a | |||| 000 1 spa
020 _a9788490942130
040 _aCO-ViMGA
_bspa
_cCO-ViMGA
041 1 _heng
082 0 4 _a741.5
_bF71e
245 0 3 _aLa edad heroica /
_c[guion̤], Fraction, Gillen ; [dibujo], Portacio, Land ; [traducción̤, Santiago García]
260 _aTorroella de Montgrí, Girona
_bPanini Com̤ics
_cD.L. 2015
300 _a[256] p.
_bprincipalmente il. col.
_c27 cm
490 0 _aMarvel deluxe
490 0 _aPatrulla X
650 1 4 _aComics
_9284
650 1 4 _aTiras comicas, historietas, etc.
_92479
700 1 _aFraction, Matt
_d1975-
_4aut
_98865
700 1 _aPortacio, Whilce
_edibujante
_4art
_98866
942 _2ddc
_cBK
999 _c37833
_d37833